| 000 | 00937cam a2200265 a 4500 | ||
|---|---|---|---|
| 020 | _a0140445684 : | ||
| 040 | _cDLC | ||
| 082 | 0 | 0 | _a335 PEN 1981 A064 Or. |
| 100 | 1 | _aMarx, Karl, | |
| 245 | 1 | 0 |
_aCapital : _ba critique of political economy / |
| 260 |
_aLondon ; _aNew York, N.Y. : _bPenguin Books in association with New Left Review, _c<1981-1990 > |
||
| 300 |
_av. <1, 3 > ; _c20 cm. |
||
| 490 | 1 | _av. 1: Penguin classics | |
| 490 | 1 | _av. 3: The Pelican Marx library | |
| 500 | _aTranslation of: Das Kapital. | ||
| 500 | _aVol. <3 > translated by David Fernbach. | ||
| 650 | 0 | _aCapital. | |
| 650 | 0 | _aEconomics. | |
| 700 | 1 | _aFowkes, Ben. | |
| 700 | 1 | _aFernbach, David. | |
| 856 | 4 | 2 | _uhttp://www.loc.gov/catdir/enhancements/fy1206/82188249-d.html |
| 856 | 4 | 1 | _uhttp://www.loc.gov/catdir/enhancements/fy1206/82188249-t.html |
| 856 | 4 | 2 | _uhttp://www.loc.gov/catdir/enhancements/fy1505/82188249-b.html |
| 942 | _cEK | ||
| 999 |
_c14042 _d14042 |
||